| 000 | 00850nam a22002177a 4500 | ||
|---|---|---|---|
| 003 | BD-DhUL | ||
| 005 | 20160905165704.0 | ||
| 008 | 160904b1969 bg ||||| |||| 00| 0 ben d | ||
| 040 | _cBD-DhUL | ||
| 082 |
_a954.02 _bABB |
||
| 100 | _aআলীম, এ. কে. এম. আবদুল আলীম | ||
| 245 |
_aভারতের মুসলিম রাজত্বের ইতিহাস (৭১০-১৮৫৮) / _cএ. কে. এম. আবদুল আলীম |
||
| 250 | _a২য় সংস্ক. | ||
| 260 |
_aঢাকা : _bবাংলা একাডেমী ., _c১৯৬৯ |
||
| 300 |
_a৪৬৪ পৃ. : _c২১ সে.মি. |
||
| 365 |
_atk _b18.00 |
||
| 500 | _aনির্ঘন্ট সম্বলিত | ||
| 650 | 0 | _aভারত-ইতিহাস | |
| 650 | 0 | _aIndia-history | |
| 942 |
_2ddc _cBK |
||
| 999 |
_c104261 _d104261 |
||